England National Football Team Players: W, X, Y & Z - Statistics

General Stats
  • This quiz has been taken 13 times
  • The average score is 31 of 121
Answer Stats
Caps Goals First Cap Last Cap Player % Correct
24 0 1949 1955 Bert Williams
82%
18 9 1920 1932 Billy Walker
82%
105 3 1946 1959 Billy Wright
82%
59 0 1988 1993 Des Walker
82%
4 0 1996 2004 Ian Walker
82%
33 9 1991 1998 Ian Wright
82%
96 1 2011 2025 Kyle Walker
82%
45 1 1984 1996 Mark Wright
82%
6 0 1983 1984 Steve Williams
82%
11 0 1968 1970 Tommy Wright
82%
6 0 1897 1899 Billy Williams
73%
1 0 1938 1938 Doug Wright
73%
1 0 1906 1906 Gordon Wright
73%
2 0 1922 1923 Owen Williams
73%
2 0 2000 2001 Richard Wright
73%
39 7 2007 2018 Ashley Young
64%
7 0 2005 2005 Luke Young
64%
9 0 1932 1938 Alf Young
55%
1 0 1964 1964 Gerry Young
55%
3 0 1968 1969 Gordon West
55%
2 0 2022 2022 Kyle Walker-Peters
55%
4 0 2021 2022 Ben White
45%
9 2 2018 2023 Callum Wilson
45%
42 16 2011 2018 Danny Welbeck
45%
12 0 1984 1988 Dave Watson
45%
1 0 1992 1992 David White
45%
42 16 1978 1986 Tony Woodcock
45%
3 0 2024 2025 Adam Wharton
36%
3 0 1913 1919 Billy Watson
36%
2 0 1884 1884 Charles Wilson
36%
2 0 1879 1881 Claude Wilson
36%
2 1 1900 1900 Geoffrey Wilson
36%
12 0 1921 1924 George Wilson
36%
10 1 2017 2020 Harry Winks
36%
3 1 1890 1896 Harry Wood
36%
20 6 2021 2025 Ollie Watkins
36%
63 0 1960 1968 Ray Wilson
36%
3 0 1954 1956 Ray Wood
36%
47 8 2006 2016 Theo Walcott
36%
7 0 1905 1913 Tim Williamson
36%
1 0 1933 1933 Tommy White
36%
1 0 1928 1928 Tom Wilson
36%
5 4 1923 1930 Vic Watson
36%
2 0 2012 2013 Wilfried Zaha
36%
4 0 1949 1950 Willie Watson
36%
1 0 1951 1951 Arthur Willis
27%
22 2 1906 1911 Ben Warren
27%
2 0 2010 2011 Bobby Zamora
27%
62 6 1985 1991 Chris Waddle
27%
43 0 1985 1993 Chris Woods
27%
2 0 1923 1923 Ernest Williamson
27%
7 2 1907 1913 George Wall
27%
1 0 1890 1890 Nat Walton
27%
84 3 1976 1986 Ray Wilkins
27%
1 1 1986 1986 Danny Wallace
18%
8 2 1974 1974 Frank Worthington
18%
34 2 2010 2016 Jack Wilshere
18%
1 0 1885 1885 Jimmy Ward
18%
2 0 1989 1993 Nigel Winterburn
18%
1 0 1980 1980 Peter Ward
18%
6 0 1934 1936 Ray Westwood
18%
2 0 1922 1926 Richard York
18%
36 6 2004 2010 Shaun Wright-Phillips
18%
2 0 1947 1948 Tim Ward
18%
9 0 1885 1890 Arthur Walters
9%
1 0 1904 1904 Bernard Wilkinson
9%
3 0 1913 1920 Charlie Wallace
9%
1 0 1878 1878 Conrad Warner
9%
12 10 1953 1956 Dennis Wilshaw
9%
21 1 1991 2000 Dennis Wise
9%
2 2 1935 1936 Fred Worrall
9%
1 3 1889 1889 Jack Yates
9%
11 2 2017 2022 James Ward-Prowse
9%
3 0 1996 2000 Jason Wilcox
9%
1 0 1954 1954 Johnny Wheeler
9%
8 0 1999 2008 Jonathan Woodgate
9%
4 1 1974 1974 Keith Weller
9%
1 0 1891 1891 Leonard Wilkinson
9%
1 0 1991 1991 Mark Walters
9%
1 0 1892 1892 Michael Whitham
9%
13 0 1885 1890 Percy Walters
9%
11 1 1981 1984 Peter Withe
9%
7 0 1975 1975 Steve Whitworth
9%
5 4 1931 1932 Tom Waring
9%
1 0 1977 1977 Trevor Whymark
9%
19 0 1937 1939 Vic Woodley
9%
23 29 1903 1911 Vivian Woodward
9%
5 1 1901 1902 Albert Wilkes
0%
26 2 1907 1914 Billy Wedlock
0%
1 0 1877 1877 Cecil Wringfield-Stratford
0%
4 1 1874 1880 Charles Wollaston
0%
4 0 1889 1898 Charles Wreford-Brown
0%
2 2 1889 1889 Davie Weir
0%
3 1 1938 1939 Don Welsh
0%
2 0 1914 1922 Fanny Walden
0%
2 2 1964 1964 Frank Wignall
0%
4 6 1897 1898 Fred Wheldon
0%
1 0 1927 1927 George Waterfield
0%
2 1 1911 1911 George Webb
0%
1 0 1911 1911 George Woodger
0%
2 1 1888 18888 George Woodhall
0%
3 0 1878 1879 Henry Wace
0%
1 1 1879 1879 Herbert Whitfield
0%
2 0 1893 1894 Jimmy Whitehead
0%
8 7 1908 1909 Jimmy Windridge
0%
1 1 1878 1878 John Wylie
0%
12 1 1937 1939 Ken Willingham
0%
3 0 1930 1930 Maurice Webster
0%
1 0 1922 1922 Max Woosnam
0%
26 4 1987 1992 Neil Webb
0%
2 2 1883 1883 Oliver Whateley
0%
5 1 1983 1984 Paul Walsh
0%
2 0 1872 1874 Reginald Welch
0%
1 0 1929 1929 Russell Wainscoat
0%
3 0 1904 1905 Samuel Wolstenholme
0%
9 0 1922 1926 Sam Wadsworth
0%
3 0 1932 1933 Sam Weaver
0%
1 0 1880 1880 Sam Widdowson
0%
2 0 2008 2010 Stephen Warnock
0%
5 0 1964 1964 Tony Waiters
0%
2 1 1892 1893 William Winckworth
0%
No matching quizzes found
Score Distribution
Percent of People with Each Score
Percentile by Number Answered
Your Score History
You have not taken this quiz